El Instituto Provincial Psicopedagógico 'Mundet', inaugurado por los príncipes de España
Publicado:
San Jorge, núm. 83 (3r trimestre 1971), pàg 121 - 132 :
MARC
| LEADER | 00000nam a2200000Ia 4500 | ||
|---|---|---|---|
| 001 | |||
| 008 | 160829s9999 xx 000 0 cat d | ||
| 245 | |a El Instituto Provincial Psicopedagógico 'Mundet', inaugurado por los príncipes de España | ||
| 260 | |a San Jorge, núm. 83 (3r trimestre 1971), pàg 121 - 132 | ||
| 600 | 0 | |a Muller i d'Abadal, Josep M., |d 1919-1981 |9 28922 | |
| 600 | 0 | 0 | |a Joan Carles |b I, |c rei d'Espanya, |d 1938- |9 54272 |
| 600 | 0 | 0 | |a Sofia, |c reina, consort de Joan Carles I, rei d'Espanya, |d 1938- |9 54273 |
| 650 | |a Llars Mundet. Institut provincial psicopedagògic |9 41799 | ||
| 901 | |a Arxiu | ||
| 942 | |n 1 | ||
| 952 | |0 0 |1 0 |4 0 |7 1 |9 50485 |a Arxiu |b Arxiu |d 2016-12-01 |l 0 |r 2016-12-01 00:00:00 |w 2016-12-01 |y ARXIU | ||
| 999 | |c 54327 |d 54327 | ||